| 000 | 00396nam a2200169 4500 | ||
|---|---|---|---|
| 008 | 170125s1995||||xo d | ||
| 100 | 1 |
_aVrablec Jozef _999 |
|
| 245 | 1 | 0 | _aAj ty hladáš štastie? |
| 250 | _a3. vydanie | ||
| 260 |
_bSlovenský ústav Cyrila a Metoda _aRím _c1995 |
||
| 300 | _a189 s. | ||
| 020 | _c0 | ||
| 041 | 1 | _aslo | |
| 041 | 1 | _aslo | |
| 044 |
_axo _cSK |
||
| 958 | _aA | ||
| 999 |
_c21218 _d21218 |
||